|
|
|
|
| LEADER |
00000nam0a2200000 4500 |
| 001 |
265786 |
| 005 |
20231101233941.0 |
| 035 |
|
|
|a (RuTPU)RU\TPU\book\288788
|
| 090 |
|
|
|a 265786
|
| 100 |
|
|
|a 20140630d1985 k y0rusy50 ca
|
| 101 |
0 |
|
|a rus
|
| 102 |
|
|
|a RU
|
| 105 |
|
|
|a a z 001zy
|
| 200 |
1 |
|
|a Исследования по совершенствованию инженерно-геодезических работ
|e межвузовский сборник
|f Новосибирский институт инженеров геодезии, аэрофотосъемки и картографии (НИИГАиК)
|
| 210 |
|
|
|a Новосибирск
|c Изд-во НИИГАИК
|d 1985
|
| 215 |
|
|
|a 110 с.
|c ил.
|
| 320 |
|
|
|a Библиография в конце статей
|
| 606 |
1 |
|
|a Инженерно-геодезические работы
|2 stltpush
|3 (RuTPU)RU\TPU\subj\12579
|9 39342
|
| 610 |
1 |
|
|a градостроительство
|
| 610 |
1 |
|
|a геодезия
|
| 610 |
1 |
|
|a подкрановые пути
|
| 610 |
1 |
|
|a высотная выверка
|
| 610 |
1 |
|
|a геометрическое нивелирование
|
| 610 |
1 |
|
|a турбоагрегаты
|
| 610 |
1 |
|
|a роторы
|
| 610 |
1 |
|
|a подшипниковые опоры
|
| 610 |
1 |
|
|a оптимальное управление
|
| 610 |
1 |
|
|a геодезические измерения
|
| 610 |
1 |
|
|a технологическое оборудование
|
| 610 |
1 |
|
|a контроль
|
| 610 |
1 |
|
|a инженерные задачи
|
| 610 |
1 |
|
|a топографические элементы
|
| 610 |
1 |
|
|a полигонометрия
|
| 675 |
|
|
|a 528.48
|v 3
|
| 712 |
0 |
2 |
|a Новосибирский институт инженеров геодезии, аэрофотосъемки и картографии (НИИГАиК)
|c (1939-1994)
|2 stltpush
|3 (RuTPU)RU\TPU\col\8121
|
| 801 |
|
1 |
|a RU
|b 63413507
|c 20140630
|
| 801 |
|
2 |
|a RU
|b 63413507
|c 20161103
|g RCR
|
| 942 |
|
|
|c BK
|